Statistiche per Cultura Generale #4

Clicka qui per fare il quiz!

Statistiche generali

  • Questo quiz è stato fatto 221 volte
  • Il punteggio medio è 16 su 20

Statistiche sulle risposte

DomandeRisposte% Corretto
Quante facce ha un dodecaedro?12
100%
Quanti centimetri ci sono in un metro?100
93%
Quale paese ha vinto più campionati mondiali di calcio?Brasile
91%
Qual è il Paese più piccolo del mondo?Città del Vaticano
91%
Quanti anni dura il mandato del Presidente della Repubblica Italiana?7
90%
Chi ha scritto la poesia “A Silvia”?Giacomo Leopardi
87%
In quale regione italiana si trova la città di Campobasso?Molise
87%
Chi era il cantante dei Queen?Freddie Mercury
85%
Che lingua si parla in Brasile?Portoghese
85%
Qual è il fiume più lungo del mondo?Rio delle Amazzoni / Nilo
83%
In quale anno è avvenuta l’Unità d’Italia?1861
81%
In quale famosa battaglia fu sconfitto Napoleone Bonaparte?Waterloo
79%
Quale squadra di calcio gioca le partite casalinghe a Bergamo?Atalanta
78%
Chi è il santo patrono dell’Irlanda?San Patrizio
75%
Qual è il materiale più duro al mondo?Diamante
68%
In che anno è iniziata la Rivoluzione francese?1789
67%
Qual è la capitale della Bielorussia?Minsk
64%
Quale città ospitò i giochi olimpici nel 1960?Roma
60%
In quale città si trovano i bronzi di Riace?Reggio Calabria
56%
Qual è la capitale della Nuova Zelanda?Wellington
55%

Distribuzione punteggi

Percentile per numero di risposta

Percentuale di utenti per punteggio

I tuoi punteggi nel tempo

Non hai fatto questo quiz